| Tag |
First Indicator |
Second Indicator |
Subfields |
| LEADER |
00000cam a22000004a 4500 |
| 001 |
in00002062813 |
| 005 |
20151101185933.0 |
| 008 |
020321s2002 th b 001 0 eng c |
| 010 |
|
|
|a 2001469102
|
| 020 |
|
|
|a 9747534959
|
| 035 |
|
|
|a (OCoLC)ocm50170615
|
| 037 |
|
|
|b Library of Congress -- Jakarta Overseas Office
|c BHT450.00
|
| 040 |
|
|
|a COO
|c COO
|d DLC
|d OCLCQ
|d TXA
|d UtOrBLW
|
| 042 |
|
|
|a pcc
|
| 043 |
|
|
|a a-th---
|
| 049 |
|
|
|a TXAM
|
| 050 |
|
4 |
|a NA109.T43
|b P45 2002
|
| 100 |
1 |
|
|a Peleggi, Maurizio.
|
| 245 |
1 |
4 |
|a The politics of ruins and the business of nostalgia /
|c by Maurizio Peleggi.
|
| 264 |
|
1 |
|a Bangkok :
|b White Lotus Press,
|c [2002]
|
| 264 |
|
4 |
|c ©2002
|
| 300 |
|
|
|a x, 100 pages ;
|c 22 cm.
|
| 336 |
|
|
|a text
|b txt
|2 rdacontent
|
| 337 |
|
|
|a unmediated
|b n
|2 rdamedia
|
| 338 |
|
|
|a volume
|b nc
|2 rdacarrier
|
| 490 |
1 |
|
|a Studies in contemporary Thailand ;
|v no. 10
|
| 504 |
|
|
|a Includes bibliographical references (pages 85-94) and index.
|
| 650 |
|
0 |
|a Historic preservation
|z Thailand.
|
| 650 |
|
0 |
|a Cultural property
|x Protection
|z Thailand.
|
| 830 |
|
0 |
|a Studies in contemporary Thailand ;
|v v. 10.
|
| 994 |
|
|
|a C0
|b TXA
|
| 948 |
|
|
|a cataloged
|b h
|c 2005/6/30
|d c
|e jlanham
|f 5:34:21 pm
|
| 999 |
|
|
|a MARS
|
| 999 |
f |
f |
|s 39009764-92e9-3f5e-88d5-86abec286695
|i 29912993-869f-333b-97d4-d677db90dddf
|t 0
|
| 952 |
f |
f |
|p ric
|a Texas A&M University
|b Rellis Campus
|c Joint Library Facility
|d Remote Storage
|t 0
|e NA109.T43 P45 2002
|h Library of Congress classification
|i unmediated -- volume
|m A14833147820
|
| 998 |
f |
f |
|a NA109.T43 P45 2002
|t 0
|l Remote Storage
|